Guess the 1970s song lyrics #144 - Statistics

General Stats
  • This quiz has been taken 19 times
  • The average score is 210 of 261
Answer Stats
Answer % Correct
the
93%
time
93%
always
86%
hold
86%
Hold
86%
It's
86%
line
86%
Love
86%
love
86%
on
86%
you
86%
do
79%
in
79%
isn't
79%
me
79%
no
79%
not
79%
oh
79%
say
79%
that
79%
things
79%
way
79%
your
79%
you're
79%
my
71%
to
71%
you'll
71%
care
64%
mine
64%
came
57%
end
57%
free
57%
or
57%
set
57%
Whoa
57%
you've
57%
back
50%
been
50%
look
50%
words
50%
friends
43%
stayed
43%
til
43%
told
43%
treating
36%
No matching quizzes found
Score Distribution
Percent of People with Each Score
Percentile by Number Answered
Your Score History
You have not taken this quiz